000
00568nam a22001577a 4500
020
_a
007107063X
082
_a
175
100
_a
Philip Patterson
245
_a
Media ethics issues and cases
250
_a
6th ed.
260
_a
New Delhi
_b
McGraw Hill
_c
2010.
300
_a
366p
942
_c
BK
999
_c
2778
_d
2778